LEADER 01306nam--2200397---450 001 990001697500203316 005 20210331111629.0 035 $a000169750 035 $aUSA01000169750 035 $a(ALEPH)000169750USA01 035 $a000169750 100 $a20040525d1978----km-y0itay0103----ba 105 $a||||||||001yy 200 1 $aPrometeo liberato$eTrasformazioni tecnologiche e sviluppo industriale nell'Europa occidentale dal 1750 ai giorni nostri$fDavid S. Landes$gtrad. di V. Grisoli, F. Salvatorelli 210 $aTorino$cEinaudi$d1978 215 $aX, 751 p.$d21 cm 225 2 $aEinaudi Paperbacks$v92 410 0$12001$aEinaudi Paperbacks$v92 454 1$12001$a<> Unbound Prometeus$926971 461 1$1001-------$12001 606 0 $aEuropa occidentale$xEconomia$xIndustria$yStoria$zSec 18.- 20. 676 $a330.94 700 1$aLANDES,$bDavid S.$0437839 702 1$aGRISOLI,$bV. 702 1$aSALVATORELLI,$bF. 801 0$aIT$bsalbc$gISBD 912 $a990001697500203316 951 $aX.3.B. 111(Varie Coll. 12/92)$b92014 L.M.$cVarie Coll. 951 $aColl. Y 92$b61490 G.$cColl. Y 951 $a601 LAN$b7212/CBS$c601$d00326545 959 $aBK 969 $aUMA 969 $aDDPG 969 $aSCI 996 $aUnbound Prometeus$926971 997 $aUNISA